| 000 | 01130nam a2200361Ia 4500 | ||
|---|---|---|---|
| 001 | dia_266 | ||
| 003 | CHAP | ||
| 005 | 20251023163358.0 | ||
| 008 | 220117s2009 xx 000 0 und d | ||
| 010 | _a176414 | ||
| 020 | _a978-958-8203-03-4 | ||
| 040 | _cCHAP | ||
| 082 | _a664.8 D87 2009 | ||
| 100 | 1 |
_aDurán Ramírez, Felipe _934702 |
|
| 245 |
_aProcesos industriales en frutas y hortalizas : conservación, procesos, métodos / _c Felipe Durán Ramírez |
||
| 260 |
_aColombia : _b Grupo Latino, _c2009 |
||
| 300 | _a80 p. | ||
| 440 |
_aGranja integral _950385 |
||
| 503 | _aC. | ||
| 504 | _aBibliografía: p. 80 | ||
| 590 | _aTP440 D87 2009 | ||
| 650 |
_aAlimentos _xPreservación _94266 |
||
| 650 |
_aFruits _9150789 |
||
| 650 |
_aFrutas _xIndustria y comercio _9150439 |
||
| 650 |
_aFrutas _xProcesamiento _9133027 |
||
| 650 |
_aHortalizas _xPreservación _9153403 |
||
| 650 |
_aHortalizas _xProcesamiento _9125090 |
||
| 650 |
_aVegetables _9151359 |
||
| 901 | _a664.8 D87 2009 | ||
| 902 | _aA | ||
| 905 | _a5222272009 ck adn 8222223322spa16 | ||
| 942 |
_cLIBRO _2ddc |
||
| 999 |
_c176414 _d176414 |
||